<?xml version="1.0" encoding="UTF-8"?><?xml-stylesheet type="text/xsl" href="static/style.xsl"?><OAI-PMH xmlns="http://www.openarchives.org/OAI/2.0/" xmlns:xsi="http://www.w3.org/2001/XMLSchema-instance" xsi:schemaLocation="http://www.openarchives.org/OAI/2.0/ http://www.openarchives.org/OAI/2.0/OAI-PMH.xsd"><responseDate>2026-04-17T14:09:52Z</responseDate><request verb="GetRecord" identifier="oai:www.recercat.cat:10256/19377" metadataPrefix="marc">https://recercat.cat/oai/request</request><GetRecord><record><header><identifier>oai:recercat.cat:10256/19377</identifier><datestamp>2024-06-18T12:32:01Z</datestamp><setSpec>com_2072_452955</setSpec><setSpec>com_2072_2054</setSpec><setSpec>col_2072_453072</setSpec><setSpec>col_2072_453079</setSpec></header><metadata><record xmlns="http://www.loc.gov/MARC21/slim" xmlns:dcterms="http://purl.org/dc/terms/" xmlns:xsi="http://www.w3.org/2001/XMLSchema-instance" xmlns:doc="http://www.lyncode.com/xoai" xsi:schemaLocation="http://www.loc.gov/MARC21/slim http://www.loc.gov/standards/marcxml/schema/MARC21slim.xsd">
   <leader>00925njm 22002777a 4500</leader>
   <datafield ind2=" " ind1=" " tag="042">
      <subfield code="a">dc</subfield>
   </datafield>
   <datafield ind2=" " ind1=" " tag="720">
      <subfield code="a">Masferrer Boix, Laura</subfield>
      <subfield code="e">author</subfield>
   </datafield>
   <datafield ind2=" " ind1=" " tag="720">
      <subfield code="a">Mancini, Anthony D.</subfield>
      <subfield code="e">author</subfield>
   </datafield>
   <datafield ind2=" " ind1=" " tag="720">
      <subfield code="a">Caparrós Caparrós, Beatriu</subfield>
      <subfield code="e">author</subfield>
   </datafield>
   <datafield ind2=" " ind1=" " tag="260">
      <subfield code="c">2020-10-30</subfield>
   </datafield>
   <datafield ind2=" " ind1=" " tag="520">
      <subfield code="a">Background: The presence of personality disorders is greatly prevalent among substance users. Personality disorders could increase vulnerability to complicated grief symptoms. Bereavement is commonly overlooked among substance users. We used network analysis to estimate the structure of relations between patterns of personality disorders and complicated grief symptoms among a bereaved substance-using population.&#xd;
&#xd;
Methods: Complicated grief and personality disorders were assessed in a sample of 196 bereaved substance users. We use the graphical least absolute shrinkage selection operator (LASSO) to compute a regularized partial correlation network revealing associations among different patterns of personality disorders and complicated grief symptoms.&#xd;
&#xd;
Results: In a network involving nodes for personality disorders and symptomatology of complicated grief, patterns of depressive and paranoid personality disorder showed small relationships to complicated grief symptoms. All other personality disorders showed negligible to no relationship to complicated grief symptoms. Further, in the overall network, complicated grief showed the lowest level of centrality, suggesting that it is independent of personality disorders, whereas depressive and paranoid personality disorder symptoms showed the highest centrality.&#xd;
&#xd;
Conclusion: Network analysis can be used to understand the relationships among higher-level constructs such as disorders. We found that complicated grief is largely independent of patterns of personality disorders with the exception of depressive and paranoid. Findings have implications for assessment and appropriate treatment of complicated grief symptoms and substance use disorder</subfield>
   </datafield>
   <datafield ind1="8" ind2=" " tag="024">
      <subfield code="a">http://hdl.handle.net/10256/19377</subfield>
   </datafield>
   <datafield tag="653" ind2=" " ind1=" ">
      <subfield code="a">Trastorns de personalitat</subfield>
   </datafield>
   <datafield tag="653" ind2=" " ind1=" ">
      <subfield code="a">Personality disorders</subfield>
   </datafield>
   <datafield ind2="0" ind1="0" tag="245">
      <subfield code="a">Understanding the Relationship Between Complicated Grief Symptoms and Patterns of Personality Disorders in a Substance Users’ Sample: A Network Analysis Approach</subfield>
   </datafield>
</record></metadata></record></GetRecord></OAI-PMH>